00552nam a2200181Ia 4500003000900000008004100009040001600050080001500066100002300081245004600104260003900150300001000189650002500199650003300224942000700257999001500264952009100279IN-BaIIA211028s9999 xx 000 0 eng d cIIA Library a031bNAY-6 aNayak,H. M.914303 0aKannada Visvakosabvol. VI.cH. M. Nayak  aMysorebUniversity of Mysorec1973 a989p. aEncyclopaedia914304 aKannada Encyclopaedia914305 cBK c8532d8532 00104070aBANbBANcGENd1985-11-05l0o031/ NAY-6p9398r2021-11-05w1985-11-05yBK